000 00310nam a2200133Ia 4500
003 OSt
008 191201s2007 xx 000 0 und d
100 _aTAYEB, Monir H
245 0 _aInternational Human Resource Management
260 _aN. Delhi
_bOxford
_c2007
300 _a242
650 _aMBA
942 _2ddc
_cBK
999 _c212
_d212